| 000 | 00383nam a2200169 i 4500 | ||
|---|---|---|---|
| 001 | bg | ||
| 100 | 1 | _aBORATYN, Dariusz | |
| 245 | 1 | 0 |
_aSpójrz w okna Windows 3.1 / _cD. Boratyn. |
| 250 | _aWyd.2 poszerz. | ||
| 260 |
_aWrocław, _c1992. |
||
| 650 | 9 | _aWINDOWS | |
| 040 | _cBPK | ||
| 041 | _apol | ||
| 080 | _a004.451 | ||
| 942 | _cKS | ||
| 008 | s pl f |000 0 pol | ||
| 999 |
_c5562 _d5562 |
||
| 856 |
_uhttp://koha.tu.koszalin.pl/cgi-bin/koha/opac-detail.pl?biblionumber=5562 _yKatalog online BPK |
||